Dans quels états sont les 100 plus grandes villes des Etats Unis ? - Statistiques

Statistiques générales
  • Ce quiz a été pris 106 fois
    55 depuis la dernière actualisation
  • Le résultat moyen est 31 sur 100
Statistiques - réponses
Hint Réponse % Correct
Los Angeles Californie
100%
New York New York
89%
Phoenix Arizona
71%
Houston Texas
68%
San Francisco Californie
66%
Dallas Texas
66%
Austin Texas
66%
Philadelphie Pennsylvanie
61%
Chicago Illinois
58%
San Diego Californie
55%
Indianapolis Indiana
53%
Las Vegas Nevada
53%
Oklahoma City Oklahoma
53%
Seattle Washington
53%
Charlotte Caroline du Nord
50%
Boston Massachussets
50%
San José Californie
47%
Denver Colorado
47%
La Nouvelle Orléans Louisiane
47%
San Antonio Texas
47%
Miami Floride
45%
Honolulu Hawaï
45%
Détroit Michigan
45%
North Las Vegas Nevada
42%
Jersey City New Jersey
42%
Sacramento Californie
39%
Colorado Springs Colorado
39%
Jacksonville Floride
39%
Portland Oregon
39%
Nashville Tennessee
39%
Milwaukee Wisconsin
39%
Atlanta Géorgie
37%
Baltimore Maryland
37%
Minneapolis Minnesota
37%
Columbus Ohio
37%
Memphis Tennessee
37%
Virginia Beach Virginie
37%
Anaheim Californie
34%
Tampa Floride
34%
Anchorage Alaska
32%
Long Beach Californie
32%
Oakland Californie
32%
Santa Ana Californie
32%
Raleigh Caroline du Nord
32%
Saint Paul Minnesota
32%
Albuquerque Nouveau Mexique
32%
Cleveland Ohio
32%
Fort Worth Texas
32%
El Paso Texas
32%
Bakersfield Californie
29%
Riverside Californie
29%
Washington DC District of Columbia
29%
Orlando Floride
29%
Louisville Kentucky
29%
Kansas City Missouri
29%
Cincinnati Ohio
29%
Richmond Virginie
29%
Boise Idaho
26%
Omaha Nebraska
26%
Lincoln Nebraska
26%
Pittsburgh Pennsylvanie
26%
Irvine Californie
24%
Chula Vista Californie
24%
Wichita Kansas
24%
Saint Louis Missouri
24%
Newark New Jersey
24%
Madison Wisconsin
24%
Tucson Arizona
21%
Fresno Californie
21%
Stockton Californie
21%
Buffalo New York
21%
Fremont Californie
18%
Tulsa Oklahoma
18%
Corpus Christi Texas
18%
Lexington Kentucky
16%
Reno Nevada
16%
San Juan Porto Rico
16%
Laredo Texas
16%
St. Petersburg Floride
13%
Mesa Arizona
11%
Greensboro Caroline du Nord
11%
Durham Caroline du Nord
11%
Aurora Colorado
11%
Lubbock Texas
11%
Norfolk Virginie
11%
Fort Wayne Indiana
8%
Henderson Nevada
8%
Toledo Ohio
8%
Plano Texas
8%
Irving Texas
8%
Spokane Washington
8%
Chandler Arizona
5%
Gilbert Arizona
5%
Scottsdale Arizona
5%
Winston Salem Caroline du Nord
5%
Arlington Texas
5%
Garland Texas
5%
Chesapeake Virginie
5%
Glendale Arizona
3%
Porte Sainte Lucie Floride
3%
Aucun quiz correspondant
Distribution des résultats
% des personnes avec chaque résultat
Percentile par nombre de réponses
Votre historique - résultats
Vous n’avez pas pris ce quiz depuis la dernière actualisation